Petit Bac (Géographie) - Lettre B - Statistiques

Statistiques générales
  • Ce quiz a été pris 2 187 fois
    2 040 depuis la dernière actualisation
  • Le résultat moyen est 9 sur 12
Statistiques - réponses
Hint Réponse % Correct
Pays d'Afrique Botswana / Burkina Faso / Burundi / Bénin
97%
Capitale Bruxelles / Brasilia / Berlin / Beyrouth / Buenos Aires +21
97%
Pays d'Asie Bangladesh / Bhoutan / Birmanie / Brunei / Bahreïn
90%
Mer, océan et golfe Mer Baltique / Mer des Baléares / Golfe du Bengale / Mer de Bali +15
83%
Préfecture Bordeaux / Besançon / Bastia / Bobigny +8
76%
Ville du Royaume-Uni de plus de 50 000 habitants Bedford / Belfast / Birmingham / Bristol / Bath +20
73%
Ville des Etats-Unis de plus de 200 000 habitants Baltimore / Baton Rouge / Boston / Buffalo +2
71%
Ville de plus de 5 millions d'habitants Bagdad / Bangkok / Bogota / Bombay +3
70%
Pays insulaire Bahreïn / Barbade / Bahamas / Brunei
65%
Île d'Indonesie Bali / Bornéo / Buru / Buton / Bangka / Belitung +8
63%
Département français Bouches-du-Rhône / Bas-Rhin
61%
Land allemand Bavière / Berlin / Brandebourg / Brême +2
59%
Aucun quiz correspondant
Distribution des résultats
% des personnes avec chaque résultat
Percentile par nombre de réponses
Votre historique - résultats
Vous n’avez pas pris ce quiz depuis la dernière actualisation